नवीन विज्ञान : (Record no. 66661)
[ view plain ]
| 000 -LEADER | |
|---|---|
| fixed length control field | 01010nam a22001937a 4500 |
| 005 - DATE AND TIME OF LATEST TRANSACTION | |
| control field | 20120515124525.0 |
| 020 ## - INTERNATIONAL STANDARD BOOK NUMBER | |
| International Standard Book Number | |
| Terms of availability | 400.00 |
| 035 ## - SYSTEM CONTROL NUMBER | |
| System control number | B-244211 |
| 082 ## - DEWEY DECIMAL CLASSIFICATION NUMBER | |
| Classification number | 500 |
| 100 ## - MAIN ENTRY--PERSONAL NAME | |
| Personal name | वुडबरी, डेविड ओ. |
| 245 ## - TITLE STATEMENT | |
| Title | नवीन विज्ञान : |
| Statement of responsibility, etc | डेविड ओ.वुडबरी;रामचन्द्र तिवारी एवं सिद्ध तिवारी |
| Remainder of title | 1001 प्रश्न और उत्तर / |
| 260 ## - PUBLICATION, DISTRIBUTION, ETC. (IMPRINT) | |
| Place of publication, distribution, etc | दिल्ली |
| Name of publisher, distributor, etc | आत्माराम एण्ड संस |
| Date of publication, distribution, etc | 2006 |
| 270 ## - ADDRESS | |
| Address | 1376, कश्मीरी गेट |
| City | दिल्ली |
| Postal code | 110006 |
| Telephone number | 011- 23946466 |
| 300 ## - PHYSICAL DESCRIPTION | |
| Extent | 369पृ |
| Dimensions | 22सेमी (सजिल्द) |
| 700 ## - ADDED ENTRY--PERSONAL NAME | |
| 9 (RLIN) | 42402 |
| Personal name | तिवारी, रामचन्द्र |
| 700 ## - ADDED ENTRY--PERSONAL NAME | |
| Personal name | तिवारी सिद्ध |
| 9 (RLIN) | 42483 |
| 942 ## - ADDED ENTRY ELEMENTS (KOHA) | |
| Source of classification or shelving scheme | Dewey Decimal Classification |
| Item type | Hindi Books |
| Call number suffix | वुडब |
| Classification part | 500 |
| Withdrawn status | Lost status | Not for loan | Collection code | Home library | Current library | Date acquired | Cost, normal purchase price | Full call number | Barcode | Cost, replacement price | Koha item type |
|---|---|---|---|---|---|---|---|---|---|---|---|
| Non-fiction | Sarojini Nagar | Sarojini Nagar | 15/05/2012 | 400.00 | 500 वुडब | B-244211 | 400.00 | Hindi Books |
